000
00267nam a2200097Ia 4500
001
647610
005
20250826153706.0
008
250824s9999 xx 000 0 und d
245
0
_a
DEDE KORKUT ANTİK OKUL KLASİKLERİ
_c
ANONİM
260
_b
ANTİK DÜNYA KLASİKLERİ
999
_c
647610
_d
647610